Представление документа в формате RUSMARC

ПолеНазваниеЗначение
  Тип записи a
  Библиографический уровень m
001 Контрольный номер RU/SLIB/B/208784430
005 Дата корректировки 20230201102239.5
010 Индекс ISBN __
a ISBN 5-94798-742-2
d Цена 115-50
100 Данные общей обработки __
a Данные общей обработки 19050912d2005 |||y0rusy0189 ca
101 Язык документа 0_
a Язык текста rus
c Язык оригинала rus
102 Страна публикации __
a Страна публикации RU
105 Кодированные данные (монография) __
a Кодированные данные (монография) a |||||||zy
200 Заглавие и сведения об ответственности 1_
a Заглавие Этика менеджмента
e Сведения, относящиеся к заглавию учеб. пособие
f Первые сведения об ответственности А. К. Семенов, Е. Л. Маслова
b Общее обозначение материала Текст
210 Выходные данные 1_
a Место издания М.
c Издательство Дашков и К°
d Дата издания 2006
215 Физическое описание __
a Объем 269, [1] с.
c Иллюстрации/тип воспроизводства ил.
320 Библиография __
a Библиография Библиогр.: с. 269-270 (28 назв.) и в подстроч. прим.
330 Аннотация __
a Аннотация Теоретические и методологические основы этики менеджмента. Вопросы делового общения и корпоративного поведения, личностных взаимоотношений.
606 Тематические рубрики __
a Основная рубрика Этика
606 Тематические рубрики __
a Основная рубрика Прикладная этика. Профессиональная этика
610 Ключевые слова 0_
a Ключевые слова менеджмент; социально-психологические исследования; этика менеджмента; деловое общение; корпоративное поведение; правила поведения; менеджеры; внешний вид; деловые женщины; деловые мужчины; визитные карточки; речевой этикет; деловые беседы; деловые партнеры; подчиненные; руководители; конструктивная критика; межличностные отношения; дружба; служебные романы; подарки; офисы; оформление офиса; смена работы; адаптация; иностранные партнеры; национальные особенности; корпоративный кодекс; кодекс поведения; деловые приемы; презентации; застольный этикет; манеры; интерьер; телефонный этикет; деловые отношения; рабочие места
686 Индексы других классификаций __
a Классификационный индекс 87.75я73
700 Автор _1
a Фамилия Семенов
b Имя А. К.
c Титул (звания) д-р экон. наук
g Полное личное имя Альберт Константинович
4 Код отношения 070
701 Альтернативная интеллектуальная ответственность _1
a Фамилия Маслова
b Имя Е. Л.
g Полное личное имя Елена Лорандовна
801 Источник записи _0
a Страна RU
b Организация Муниципальное бюджетное учреждение культуры "Централизованная библиотечная система" г. Сургут (Центральная городская библиотека им. А. С. Пушкина)
c Дата составления 20050912
g Правила каталогизации КиК/Поспелова
801 Источник записи _1
a Страна RU
b Организация Муниципальное бюджетное учреждение культуры "Централизованная библиотечная система" г. Сургут (Центральная городская библиотека им. А. С. Пушкина)
c Дата составления 20050912
g Правила каталогизации КиК/Поспелова
852 Данные о местонахождении __
j Шифр хранения 87.75я73
c Каталожный индекс 87.75я73
i Авторский знак С 30
p Инвентарный номер Б/Н
901 Тип документа __
t Тип документа m
903 Характеристики (МАРС) __
a Дата передачи 20060315
969 Тип издания __
a Тип издания учебное пособие
990 Данные о заказе (DOS) __
j Количество экземпляров (DOS) 4
h N записи в КСУ для Б/У (DOS) 200603